Számonkérés Bősön

Bibliographic Details
Format: Article
Language:Hungarian
ISSN:1335-7050
Subjects:

MARC

LEADER 00000nab a2200000 a 4500
001 vtls010592339
003 SK-MaSNL
005 20260318132629.0
008 140417c20140417xo d| | 000 0|2hun
015 |a SNBRB2014/04 
038 |a DSZK 
040 |a DSZK  |b slo  |c DSZK  |e AACR2 
041 0 |a hun 
044 |a xo  |c SK 
080 |a 796.332:061  |x (437.612)  |2 2001 
245 0 0 |a Számonkérés Bősön  |c [szerző] (ái) 
610 2 7 |a OFC Russel Gabčíkovo  |2 dszk  |9 1192790 
650 0 7 |a kádrové zmeny  |2 dszk  |9 1093300 
651 7 |a Gabčíkovo (Slovensko)  |2 SNKPH  |9 23512 
773 0 |t Új szó  |g Évf. 67, sz. 90 (2014.4.17), o. 28  |x 1335-7050 
852 |a DSZK  |b KIS3GCP 
958 |a HU 
958 |a SK 
999 |c 2074721  |d 2076651